Overseas Territories of France - Sudden Death - Statistics

General Stats
  • This quiz has been taken 104 times
  • The average score is 8 of 10
Answers on the Grid
Answers color-coded by a green-red scale on the quiz's grid according to % correct below.
Bouvet Island
Clipperton Island
Cocos Islands
Guadeloupe
Martinique
Mayotte
Navassa Island
New Caledonia
Pitcairn Islands
Réunion
Saint Barthélemy
Saint Helena
Saint Martin
Saint Pierre and Miquelon
Tokelau
Wallis and Futuna
 
Answer Stats
Answer % Correct
Réunion
94%
Martinique
91%
Guadeloupe
86%
Saint Pierre and Miquelon
85%
Mayotte
81%
Saint Martin
79%
Saint Barthélemy
78%
New Caledonia
74%
Wallis and Futuna
52%
Clipperton Island
41%
No matching quizzes found
Score Distribution
Percent of People with Each Score
Percentile by Number Answered
Your Score History
You have not taken this quiz